000 00851nam a2200277Ia 4500
003 GCL
008 140319s9999 xx 000 0 ara d
040 _aGCL /
_cGCL
082 0 4 _a953
_bا ع
100 1 _aمحمد قنديل البقلى
245 1 0 _aالعرب /
_cمحمد قنديل البقلى
700 1 _aمحمد مأمون نجا
700 1 _aمحمد م. الارناؤوط
700 1 _aادوار عطية
260 _a[S.N] :
_bالشركة العربية للطباعة والنشر ،
_c1961
300 _a238 ص
490 _a
650 0 4 _aالعالم العربى
650 0 4 _aالجاهلية
650 0 4 _aشبه الجزيرة العربية
650 0 4 _aالتاريخ الاسلامى
650 0 4 _aالعرب
650 0 4 _aالقبائل العربية
650 0 4 _aالبدو
942 _2ddc
_cBK
999 _c37260
_d37260